|
|
|
|
| LEADER |
01075cam a2200229 a 4500 |
| 003 |
GR-PaULI |
| 005 |
20200129151832.0 |
| 008 |
000229s2005 gr f 000 gre d |
| 952 |
|
|
|0 0
|1 0
|2 ddc
|4 0
|6 489_300000000000000_ΑΛΑ
|7 0
|9 236642
|a LISA
|b LISA
|c BSC
|d 2019-10-30
|i 1564
|l 0
|o 489.3 ΑΛΑ
|p 025000265627
|r 2019-10-30 00:00:00
|t 1
|w 2019-10-30
|y BK15
|
| 999 |
|
|
|c 143189
|d 143189
|
| 020 |
|
|
|a 9789603759508
|
| 040 |
|
|
|a GR-PaULI
|b gre
|c GR-PaULI
|d GR-AiPI
|e AACR2
|
| 082 |
0 |
4 |
|a 489.3
|2 23
|
| 100 |
1 |
|
|a Αλατζατζή Δήμητρα
|e συγγραφέας.
|9 178586
|
| 245 |
1 |
0 |
|a Νεοελληνική γλώσσα /
|c Δήμητρα Αλατζατζή [και] Δέσποινα Καλογεράκη.
|
| 260 |
|
|
|a Αθήνα :
|b Μεταίχμιο,
|c 2005.
|
| 300 |
|
|
|a 375 σ. ;
|c 24 εκ.
|
| 650 |
|
1 |
|a Ελληνική γλώσσα, Νέα
|9 2022
|
| 650 |
|
1 |
|a Ελληνική γλώσσα
|9 87135
|x Σπουδή και διδασκαλία
|
| 700 |
1 |
|
|a Καλογεράκη, Δέσποινα.
|9 178587
|e συγγραφέας.
|
| 942 |
|
|
|2 ddc
|c BK15
|
| 998 |
|
|
|c ΛΟΥΚΟΠΟΥΛΟΥ
|d 2019-10
|